[Event "Stay Safe Play From Home 144"]
[Site "T#645981Emanuel Laske"]
[Date "2020.05.12"]
[Round "5"]
[White "Lucknow"]
[Black "Edmatuag"]
[Result "1-0"]
[WhiteElo "1841"]
[BlackElo "1719"]
[Annotator "NA RC"]
[PlyCount "63"]
[EventDate "2020.05.12"]
[EventType "swiss (blitz)"]

1. d4 {[%emt 0:00:03]} d5 {[%emt 0:00:02]} 2. c4 {[%emt 0:00:01]} e6 {[%emt 0:00:01]} 3. Nf3 {[%emt 0:00:01]} Nf6 {[%emt 0:00:01]} 4. Nc3 {[%emt 0:00:02]} c6 {[%emt 0:00:01]} 5. e3 {[%emt 0:00:01]} Nbd7 {[%emt 0:00:01]} 6. Bd3 {[%emt 0:00:01]} a6 {[%emt 0:00:03]} 7. b3 {[%emt 0:00:02]} b5 {[%emt 0:00:04]} 8. O-O {[%emt 0:00:02]} b4 {[%emt 0:00:04]} 9. Na4 {[%emt 0:00:01]} a5 {[%emt 0:00:03]} 10. Bd2 {[%emt 0:00:13]} Ba6 {[%emt 0:00:07]} 11. Qe2 {[%emt 0:00:04]} dxc4 {[%emt 0:00:12]} 12. Bxc4 {[%emt 0:00:02]} Bxc4 {[%emt 0:00:03]} 13. Qxc4 {[%emt 0:00:01]} Rc8 {[%emt 0:00:17]} 14. Rac1 {[%emt 0:00:26]} Be7 {[%emt 0:00:07]} 15. Rfe1 {[%emt 0:00:09]} O-O {[%emt 0:00:01]} 16. e4 {[%emt 0:00:01]} c5 {[%emt 0:00:09]} 17. d5 {[%emt 0:00:08]} Nb6 {[%emt 0:00:08]} 18. Nxb6 {[%emt 0:00:02]} Qxb6 {[%emt 0:00:01]} 19. d6 {[%emt 0:00:05]} Bd8 {[%emt 0:00:31]} 20. Bg5 {[%emt 0:00:04]} Nd7 {[%emt 0:00:10]} 21. Be3 {[%emt 0:00:11]} Qc6 {[%emt 0:00:14]} 22. e5 {[%emt 0:00:08]} Nb6 {[%emt 0:00:02]} 23. Qxc5 {[%emt 0:00:05]} Qxc5 {[%emt 0:00:04]} 24. Rxc5 {[%emt 0:00:01]} Rxc5 {[%emt 0:00:02]} 25. Bxc5 {[%emt 0:00:00]} Nd5 {[%emt 0:00:01]} 26. Bd4 {[%emt 0:00:06]} Bb6 {[%emt 0:00:05]} 27. Bxb6 {[%emt 0:00:07]} Nxb6 {[%emt 0:00:00]} 28. Rc1 {[%emt 0:00:03]} Rd8 {[%emt 0:00:05]} 29. Nd4 {[%emt 0:00:14]} Nd5 {[%emt 0:00:07]} 30. Rc5 {[%emt 0:00:08]} Nc3 {[%emt 0:00:07]} 31. Nc6 {[%emt 0:00:10]} Rd7 {[%emt 0:00:08]} 32. Ne7+ {[%emt 0:00:01] Time (Lag: Av=0.40s, max=0.5s)} 1-0

[Event "Stay Safe Play From Home 144"]
[Site "T#645981Emanuel Laske"]
[Date "2020.05.12"]
[Round "5"]
[White "Gibiz144"]
[Black "Tobo Rubirosa"]
[Result "1-0"]
[WhiteElo "1602"]
[BlackElo "1647"]
[Annotator "NA RC"]
[PlyCount "79"]
[EventDate "2020.05.12"]
[EventType "swiss (blitz)"]

1. d4 {[%emt 0:00:01]} Nf6 {[%emt 0:00:02]} 2. Bg5 {[%emt 0:00:01]} g6 {[%emt 0:00:01]} 3. Bxf6 {[%emt 0:00:01]} exf6 {[%emt 0:00:02]} 4. e3 {[%emt 0:00:01]} Bg7 {[%emt 0:00:01]} 5. Bd3 {[%emt 0:00:01]} O-O {[%emt 0:00:01]} 6. c3 {[%emt 0:00:01]} d5 {[%emt 0:00:01]} 7. h4 {[%emt 0:00:01]} f5 {[%emt 0:00:02]} 8. Qc2 {[%emt 0:00:01]} Qd6 {[%emt 0:00:04]} 9. Nd2 {[%emt 0:00:01]} f4 {[%emt 0:00:02]} 10. e4 {[%emt 0:00:02]} dxe4 {[%emt 0:00:02]} 11. Nxe4 {[%emt 0:00:01]} Re8 {[%emt 0:00:03]} 12. O-O-O {[%emt 0:00:02]} Qd5 {[%emt 0:00:08]} 13. Kb1 {[%emt 0:00:04]} Bf5 {[%emt 0:00:03]} 14. f3 {[%emt 0:00:04]} Nc6 {[%emt 0:00:12]} 15. Nh3 {[%emt 0:00:02]} Bxe4 {[%emt 0:00:05]} 16. Bxe4 {[%emt 0:00:07]} Qd6 {[%emt 0:00:03]} 17. h5 {[%emt 0:00:04]} Ne7 {[%emt 0:00:28]} 18. hxg6 {[%emt 0:00:12]} hxg6 {[%emt 0:00:02]} 19. Ng5 {[%emt 0:00:06]} c6 {[%emt 0:00:07]} 20. Rh3 {[%emt 0:00:08]} Nd5 {[%emt 0:00:09]} 21. Rdh1 {[%emt 0:00:13]} c5 {[%emt 0:00:17]} 22. dxc5 {[%emt 0:00:12]} Qe5 {[%emt 0:00:11]} 23. Nxf7 {[%emt 0:00:11]} Kxf7 {[%emt 0:00:03]} 24. Bxg6+ {[%emt 0:00:01]} Kf8 {[%emt 0:00:05]} 25. Bxe8 {[%emt 0:00:02]} Rxe8 {[%emt 0:00:02]} 26. Rh5 {[%emt 0:00:19]} Qf6 {[%emt 0:00:14]} 27. Rf5 {[%emt 0:00:04]} Ne3 {[%emt 0:00:04]} 28. Rxf6+ {[%emt 0:00:02]} Bxf6 {[%emt 0:00:01]} 29. Qg6 {[%emt 0:00:04]} Ke7 {[%emt 0:00:03]} 30. a4 {[%emt 0:00:06]} Rh8 {[%emt 0:00:06]} 31. Rxh8 {[%emt 0:00:03]} Bxh8 {[%emt 0:00:01]} 32. Qe4+ {[%emt 0:00:01]} Kf7 {[%emt 0:00:02]} 33. Qxf4+ {[%emt 0:00:01]} Bf6 {[%emt 0:00:02]} 34. Qxe3 {[%emt 0:00:01]} Kg6 {[%emt 0:00:02]} 35. b4 {[%emt 0:00:02]} Bg5 {[%emt 0:00:02]} 36. Qe6+ {[%emt 0:00:02]} Bf6 {[%emt 0:00:01]} 37. f4 {[%emt 0:00:01]} Kg7 {[%emt 0:00:02]} 38. g4 {[%emt 0:00:01]} Kg6 {[%emt 0:00:01]} 39. g5 {[%emt 0:00:02]} Kg7 {[%emt 0:00:01]} 40. Qxf6+ {[%emt 0:00:01] Tiempo (Lag: Av=1.03s, max=2.0s) '} 1-0

[Event "Stay Safe Play From Home 144"]
[Site "T#645981Emanuel Laske"]
[Date "2020.05.12"]
[Round "5"]
[White "UHU4"]
[Black "Bodar"]
[Result "0-1"]
[WhiteElo "1588"]
[BlackElo "1973"]
[Annotator "TA"]
[PlyCount "60"]
[EventDate "2020.05.12"]
[EventType "swiss (blitz)"]

{[%evp 9,60,-8,0,0,13,8,14,-10,-4,-78,0,-60,-52,-72,-71,-131,-99,-104,-73,-129,-69,-295,-166,-271,-247,-1098,-1087,-1160,-1154,-1190,-1163,-1175,-1169,-1266,-1263,-1419,-1414,-1397,-1399,-1697,-1659,-1672,-1621,-2491,-2378,-3109,-2958,-29988,-29989,-29991,-29992,-29992,-29992]} 1. e4 c5 2. Nf3 d6 3. c4 Nc6 4. Nc3 Bg4 5. Be2 Bxf3 6. Bxf3 {B30: Sicilian: 2...Nc6 3 Bb5, lines without ...g6.} Nf6 7. d3 e6 {[#]} 8. Bg5 $146 {The position is equal.} ({Predecessor:} 8. Be3 Be7 9. h4 O-O 10. h5 h6 11. g4 Nh7 12. Qd2 Ne5 13. Be2 Ng5 14. Bxg5 Bxg5 {½-½ (31) De Souza,E-De Aquino,L Brazil CXEB 1995}) 8... Be7 9. a3 (9. Be3 $11 {keeps the balance.}) 9... O-O (9... Nxe4 $1 $17 10. Bf4 Nxc3 11. bxc3 Bf6) 10. h4 (10. Rb1 $11) 10... a6 $15 11. Qd2 Rb8 12. g4 (12. Bd1 $142) 12... Nd4 13. Bd1 b5 14. Be3 (14. cxb5 $142 axb5 15. Be3) 14... Nd7 (14... bxc4 $17 {aiming for ...Nd7.} 15. dxc4 Nd7) 15. g5 $2 (15. cxb5 $1 $15 Ne5 16. Rh3) 15... bxc4 (15... Ne5 $142 16. Bxd4 cxd4) 16. dxc4 (16. f4 {is a better defense.}) 16... Ne5 $19 17. b3 $2 (17. Bxd4 Rxb2 18. Qe3 cxd4 19. Qxd4) 17... Nef3+ 18. Bxf3 Nxf3+ 19. Ke2 Nxd2 20. Bxd2 Rxb3 21. f4 f6 22. Rag1 Qa8 23. Rh3 Rxa3 24. Rhg3 {[#]} Rxc3 $1 {[%mdl 64] Remove Defender} 25. Rxc3 (25. Bxc3 Qxe4+) 25... Qxe4+ 26. Be3 d5 27. cxd5 exd5 28. gxf6 Rxf6 {Black mates.} 29. Rf1 {[#]} d4 $1 {[%mdl 64] Double Attack, Pin} 30. Rd3 Rb6 {White got outplayed after the opening. Accuracy: White = 22%, Black = 50%.} 0-1

[Event "Stay Safe Play From Home 144"]
[Site "T#645981Emanuel Laske"]
[Date "2020.05.12"]
[Round "6"]
[White "Little champs"]
[Black "Lucknow"]
[Result "1-0"]
[WhiteElo "2141"]
[BlackElo "1852"]
[Annotator "RC"]
[PlyCount "65"]
[EventDate "2020.05.12"]
[EventType "swiss (blitz)"]

1. d4 {[%emt 0:00:01]} d5 {[%emt 0:00:01]} 2. e3 {[%emt 0:00:05]} e6 {[%emt 0:00:02]} 3. Nf3 {[%emt 0:00:01]} Nf6 {[%emt 0:00:02]} 4. Be2 {[%emt 0:00:01]} c5 {[%emt 0:00:01]} 5. O-O {[%emt 0:00:00]} Nc6 {[%emt 0:00:03]} 6. dxc5 {[%emt 0:00:00]} Bxc5 {[%emt 0:00:02]} 7. b3 {[%emt 0:00:00]} O-O {[%emt 0:00:02]} 8. Bb2 {[%emt 0:00:01]} Be7 {[%emt 0:00:01]} 9. Nbd2 {[%emt 0:00:01]} b6 {[%emt 0:00:02]} 10. c4 {[%emt 0:00:01]} dxc4 {[%emt 0:00:01]} 11. Nxc4 {[%emt 0:00:01]} Bb7 {[%emt 0:00:02]} 12. Nfe5 {[%emt 0:00:02]} Qxd1 {[%emt 0:00:05]} 13. Raxd1 {[%emt 0:00:01]} Rfd8 {[%emt 0:00:00]} 14. Bf3 {[%emt 0:00:01]} Nd5 {[%emt 0:00:14]} 15. a3 {[%emt 0:00:06]} Nxe5 {[%emt 0:00:08]} 16. Nxe5 {[%emt 0:00:04]} Rac8 {[%emt 0:00:09]} 17. Rd2 {[%emt 0:00:02]} Ba6 {[%emt 0:00:20]} 18. Rfd1 {[%emt 0:00:02]} f6 {[%emt 0:00:32]} 19. Nc4 {[%emt 0:00:16]} Bxc4 {[%emt 0:00:14]} 20. bxc4 {[%emt 0:00:01]} Nc7 {[%emt 0:00:01]} 21. Rd7 {[%emt 0:00:03]} Kf8 {[%emt 0:00:08]} 22. Bb7 {[%emt 0:00:07]} Rb8 {[%emt 0:00:26]} 23. Bc6 {[%emt 0:00:01]} Rxd7 {[%emt 0:00:06]} 24. Rxd7 {[%emt 0:00:09]} Rd8 {[%emt 0:00:01]} 25. g3 {[%emt 0:00:01]} Rxd7 {[%emt 0:00:01]} 26. Bxd7 {[%emt 0:00:01]} e5 {[%emt 0:00:01]} 27. f4 {[%emt 0:00:02]} Kf7 {[%emt 0:00:01]} 28. Kg2 {[%emt 0:00:03]} exf4 {[%emt 0:00:01]} 29. gxf4 {[%emt 0:00:02]} Bc5 {[%emt 0:00:00]} 30. Kf3 {[%emt 0:00:01]} Ne6 {[%emt 0:00:01]} 31. Bc6 {[%emt 0:00:08]} Be7 {[%emt 0:00:02]} 32. Bd5 {[%emt 0:00:02]} Bd6 {[%emt 0:00:02]} 33. f5 {[%emt 0:00:01] Lucknow gibt auf (Lag: Av=0.52s, max=1.6s)} 1-0

[Event "Stay Safe Play From Home 144"]
[Site "T#645981Emanuel Laske"]
[Date "2020.05.12"]
[Round "6"]
[White "Lazieri3"]
[Black "Chessencounter"]
[Result "0-1"]
[WhiteElo "2070"]
[BlackElo "2000"]
[Annotator "TA"]
[PlyCount "72"]
[EventDate "2020.05.12"]
[EventType "swiss (blitz)"]

{[%evp 19,72,0,6,-6,0,-2,171,0,50,53,75,65,187,-140,-122,-230,-236,-266,-262,-258,-199,-195,-205,-358,-348,-349,-138,-154,-160,-410,-406,-402,-404,-421,-415,-452,-408,-673,-665,-896,0,-450,-251,-251,-245,-551,-308,-6387,-6183,-5693,-5679,-5689,-5485,-2435,-2162]} 1. e4 e5 2. Nc3 Nf6 3. Nf3 Bc5 4. Bc4 Nc6 5. O-O O-O 6. h3 d6 7. d3 Be6 8. Bxe6 fxe6 9. Be3 Bb6 10. Bxb6 axb6 11. d4 {C50: Hungarian Defence and Giuoco Pianissimo.} exd4 12. Nxd4 {[#]} e5 $146 (12... Qe7 $11 {and Black has nothing to worry.}) ({Predecessor:} 12... Nxd4 13. Qxd4 e5 14. Qc4+ Kh8 15. Rfe1 Nh5 16. Rad1 Nf4 17. Nd5 Nxd5 18. Qxd5 Qh4 {0-1 (43) Anand,B-Xu,A (1782) Porto Carras 2015}) 13. Nf5 $2 ({White must play} 13. Ne6 $18 Qd7 14. Nxf8 Rxf8 15. Qd3) 13... g5 14. Qd2 Nd7 15. Nd5 {Nxc7! is the strong threat.} Ra4 {[#]} (15... Nc5 $14) 16. f3 $2 {[#]} (16. Nxc7 $1 $18 {[%mdl 512]} Nc5 (16... Qxc7 17. Qxg5+) 17. Qxd6) 16... Rxf5 $1 $17 17. exf5 (17. Nxc7 $17 {was worth a try.} Rf7 18. Qxd6) 17... Rd4 $19 18. Qc3 {Threatens to win with Rad1.} Rxd5 19. Qb3 Ne7 20. Rad1 c6 21. c4 $2 (21. Rxd5 {might work better.} cxd5 22. g4) 21... Rxd1 22. Rxd1 Nc5 $2 (22... Nxf5 $19 {White must now prevent ...Nc5.} 23. Qa3 Qb8) 23. Qe3 Nxf5 {[#]} 24. Qd2 $2 (24. Qxe5 $1 $17 {[%mdl 512]} Qf8 (24... dxe5 25. Rxd8+) 25. Qe2) 24... Nd4 25. b4 Nce6 26. Qe3 Qf6 27. a4 Qf4 28. Qd3 {[#]} (28. Qxf4 $142 gxf4 29. Rd2) 28... Qg3 $1 {( -> ...Nf4!)} 29. Qe4 Qf4 30. Qd3 $1 h5 (30... Qf7 $142 {And now ...Nf4 would win.} 31. Kh2 Nf4) 31. Qg6+ Ng7 32. c5 $2 (32. Qxd6 Nge6 33. Qd7) 32... Qe3+ 33. Kh2 $2 {[#]} (33. Kh1 bxc5 34. bxc5 dxc5 35. Rb1) 33... Nxf3+ $1 {Black is clearly winning.} 34. gxf3 Qf2+ 35. Kh1 Qxf3+ {[%mdl 64] Double Attack} 36. Kh2 Qe2+ {Accuracy: White = 34%, Black = 47%.} 0-1

[Event "Stay Safe Play From Home 144"]
[Site "T#645981Emanuel Laske"]
[Date "2020.05.12"]
[Round "6"]
[White "Don59as"]
[Black "Gibiz144"]
[Result "1-0"]
[WhiteElo "2029"]
[BlackElo "1621"]
[Annotator "TA"]
[PlyCount "89"]
[EventDate "2020.05.12"]
[EventType "swiss (blitz)"]

{[%evp 9,89,47,80,65,77,63,69,67,81,66,72,44,58,66,85,61,97,101,319,310,311,245,329,334,330,313,337,302,351,316,350,304,425,341,342,343,335,337,307,292,411,404,406,402,451,264,252,263,237,-97,-93,-267,-260,-256,-260,-389,17,-438,-428,-439,141,137,120,123,521,506,512,451,603,603,586,572,611,605,29972,29973,29970,29971,29958,6328,5810,5531]} 1. c4 e6 2. e4 b6 3. Nc3 Bb7 4. g3 d6 5. Bg2 Ne7 6. Nge2 {A10: English Opening: Unusual Replies for Black.} g6 7. O-O Bg7 8. d4 {White is slightly better.} O-O {[#]} 9. b3 $146 ({Predecessor:} 9. Be3 a6 10. f4 c5 11. Qd2 Qc7 12. Rac1 Nbc6 13. d5 Na5 14. b3 Rad8 15. g4 {1-0 (31) Yu,J (2284)-Akshayraj,K (2564) Herndon 2016}) 9... Nd7 10. Bb2 a6 11. Qd2 h6 12. h3 Nc6 13. d5 Nce5 $2 (13... Ncb8 $16) 14. f4 $18 exd5 15. cxd5 Re8 16. fxe5 Nxe5 17. Nf4 Qg5 18. Kh2 Rad8 19. Rad1 Bc8 20. Nd3 f5 21. Qxg5 hxg5 22. Nxe5 Bxe5 23. exf5 gxf5 24. Rf2 f4 (24... Re7 $142 25. Rc1 Rf8) 25. gxf4 Bxf4+ 26. Kh1 Re3 27. Ne4 (27. Ne2 $142) 27... Bxh3 28. Nf6+ Kf7 29. Bxh3 $2 ({White should try} 29. Nh5 $18 Rde8 30. Nxf4 gxf4 31. Rxf4+ Ke7 32. Bf3) 29... Rxh3+ 30. Kg2 $2 {[#]} (30. Kg1 $17 Rdh8 31. Ng4) 30... Rg3+ $1 $19 31. Kf1 {[#] aiming for Ne4.} Rh8 $1 {[%cal Rh8h1] Threatens to win with ...Rh1+.} 32. Bd4 (32. Bc1 {might work better.} Rh1+ 33. Ke2 Rxd1 34. Bxf4 gxf4 35. Kxd1 Kxf6 36. Rxf4+ Ke5 {[%mdl 64] Double Attack} 37. Rf7) 32... Kg6 $2 (32... Rh1+ $19 33. Ke2 Rxd1 {[%mdl 64] Overworked Piece} 34. Kxd1 Rd3+ {[%mdl 64] Double Attack} 35. Ke1 Rxd4) 33. Ne4 $2 {[%mdl 8192]} (33. Ke2 $11 {and White is okay.}) 33... Rh1+ 34. Ke2 Rgh3 $2 (34... Rxd1 $19 35. Kxd1 Rd3+ {[%mdl 64] Double Attack} 36. Ke2 Rxd4 {[%mdl 64] Double Attack}) 35. Rxh1 $16 Rxh1 36. Be3 Be5 $2 {[%mdl 8192]} (36... Bxe3 $16 37. Kxe3 Re1+ 38. Kf3 Rc1) 37. Nxg5 $18 Ra1 38. Kf3 Re1 39. Ne6 Kf5 40. Nxc7 b5 41. Nxa6 Rd1 42. Ke2+ {[%mdl 64] Discovered Attack} Ke4 43. Kxd1 Kxd5 44. Nb4+ (44. Nc7+ $142 Ke4 45. Bd2 Kd4 46. Nxb5+ Kc5 47. a4 Bg3 48. Rf7 d5 49. Be3+ Kc6 50. Nd4+ Kb6 51. Nf5+ d4 52. Bxd4+ Kc6 53. Nxg3) 44... Ke6 45. Nc2 {Accuracy: White = 50%, Black = 39%.} 1-0

[Event "Stay Safe Play From Home 144"]
[Site "T#645981Emanuel Laske"]
[Date "2020.05.12"]
[Round "6"]
[White "Bodar"]
[Black "matanant"]
[Result "0-1"]
[WhiteElo "1977"]
[BlackElo "1625"]
[Annotator "TA"]
[PlyCount "88"]
[EventDate "2020.05.12"]
[EventType "swiss (blitz)"]

{[%evp 9,88,61,74,45,35,21,20,14,14,10,32,9,43,4,1,-5,-5,0,8,-15,-13,-35,0,-35,0,0,74,40,54,-163,-164,-307,-115,-425,-285,-279,-185,-184,0,-225,-172,-526,-545,-655,-467,-459,-444,-460,-458,-513,-489,-695,-546,-504,-464,-428,-437,-452,-444,-456,-409,-450,-429,-505,-430,-405,-405,-843,-839,-830,-719,-710,-688,-726,-740,-816,-802,-725,-715,-633,-607]} 1. e4 e5 2. Nf3 d5 3. exd5 e4 4. Qe2 Nf6 5. d3 Qxd5 6. Nc3 {C40: Latvian and Elephant Gambits.} Bb4 7. dxe4 (7. Nd2 {feels hotter.} Bxc3 8. bxc3 Qc6 9. dxe4 Qxc3 10. Qb5+) 7... Qxe4 8. Bd2 {The position is equal.} Qxe2+ 9. Bxe2 O-O 10. O-O-O Re8 11. Bd3 Bg4 12. h3 Bxf3 13. gxf3 Nc6 14. f4 Rad8 15. Rhg1 g6 16. h4 Nh5 17. f5 Ne5 (17... Nd4 $11) 18. Bb5 c6 19. Ba4 $2 (19. Be2 $14 {is the one way to stay ahead.} Bxc3 20. bxc3) 19... Nf3 $36 {[%mdl 2048] Black is really pushing.} 20. fxg6 (20. Rgf1 {might work better.}) 20... hxg6 $2 ({Inferior is} 20... Nxd2 21. gxh7+ Kxh7 22. Rxd2 $11) (20... Rxd2 $19 {has better winning chances.} 21. Rxd2 Nxg1 22. gxf7+ Kxf7 23. Bb3+ Kg6) 21. Bb3 $2 {[%mdl 8192]} (21. Rg4 $17 {is a better chance.} Bc5 22. Bb3 Nxd2 23. Rxd2 Rxd2 24. Kxd2) 21... Nxg1 ({Less strong is} 21... Nxd2 22. Rxd2 Rxd2 23. Kxd2 $17) 22. Rxg1 Kf8 23. Bh6+ Kg8 $2 (23... Ng7 $19 {And now ...Rd4 would win.} 24. h5 Rd6) 24. Be3 $2 (24. Bd2 $11 {and White has nothing to worry.}) 24... Rd6 25. Ne4 $2 (25. Bxa7 {is more resistant.} Kg7 26. a3) 25... Rxe4 26. a3 {[#]} Rxe3 $1 {[%mdl 64] Remove Defender} 27. fxe3 Bc5 28. Kb1 Bxe3 29. Rg4 Kg7 30. Ka2 (30. Re4 $142 Bc5 31. Re5 Rd1+ 32. Ka2) 30... Rd2 31. Re4 Bf2 32. Re7 Bxh4 33. Rxf7+ Kh6 34. Rxb7 Bf2 35. Rc7 Rd6 36. Bg8 Bb6 37. Rh7+ Kg5 {White must now prevent ...Nf6.} 38. c4 (38. Bb3 $142) 38... Nf6 {[%mdl 64] [#] Double Attack. Black is clearly winning.} 39. Rg7 Nxg8 40. Rxg8 Rd2 41. Kb1 Bd4 42. b4 Rb2+ 43. Kc1 Ra2 44. Rd8 Bf6 {Accuracy: White = 37%, Black = 54%.} 0-1

[Event "Stay Safe Play From Home 144"]
[Site "T#645981Emanuel Laske"]
[Date "2020.05.12"]
[Round "6"]
[White "Haris kollari 13"]
[Black "rohit2007"]
[Result "0-1"]
[WhiteElo "1968"]
[BlackElo "2025"]
[Annotator "TA"]
[PlyCount "74"]
[EventDate "2020.05.12"]
[EventType "swiss (blitz)"]

{[%evp 14,74,79,75,72,63,90,79,166,128,244,223,334,163,177,185,377,378,644,629,843,831,807,689,831,748,763,700,689,647,614,67,74,-63,-52,-57,0,22,212,210,247,249,319,319,545,182,159,15,14,12,25,12,0,0,0,-363,-268,-243,-170,-178,-101,-302,-297]} 1. e4 c5 2. Nf3 d6 3. d4 cxd4 4. Nxd4 Nf6 5. Nc3 a6 6. f4 e5 7. Nf3 exf4 8. Bxf4 Be7 {B93: Sicilian Najdorf: 6 f4.} 9. Qd2 O-O 10. O-O-O {[#]} Nbd7 $146 (10... Nc6 $16) ({Predecessor:} 10... Be6 11. Nd4 Bd7 12. Nf5 Bxf5 13. exf5 Nc6 14. Bxd6 Bxd6 15. Qxd6 Qa5 16. Qf4 b5 {½-½ (52) Kessler,L (2324)-Eybl,A (2240) Austria 2016}) 11. Bxd6 $18 b5 (11... Nc5 $16) 12. e5 Ne8 (12... Bxd6 $142 13. exf6 (13. Qxd6 Ne8 $16) (13. exd6 Bb7 $16) 13... Bc7) 13. Qd5 (13. Bxe7 $142 Qxe7 14. Nd5) 13... Bxd6 14. Qxa8 Bxe5 $2 (14... Nxe5 {is a better defense.} 15. Kb1 (15. Nxe5 Nc7 $18) 15... Nc7) 15. Nxe5 Qg5+ $2 (15... Nc7) 16. Kb1 Qxe5 17. Qxc8 Nef6 18. Qb7 b4 19. Ne2 Nc5 20. Qf3 Nfe4 21. Nc1 Na4 {[%csl Ga4][%cal Re5b2] [#]} 22. Qb3 $2 (22. Nd3 $18 Qd4 23. Ka1) 22... Nac3+ 23. Ka1 ({White has to play} 23. bxc3 $16 Nxc3+ 24. Qxc3 bxc3 25. Bc4 (25. Bxa6 $2 Qc5 $19)) 23... Nxd1 $15 24. Bd3 Ndf2 (24... Nef2 $1 $15 25. Rf1 Qf4) 25. Re1 $11 Qf4 $2 (25... a5 $11 {and Black is okay.}) 26. Qxb4 $18 {[%cal Rd3e4]} Re8 27. a3 Rb8 28. Qd4 Qd2 $2 (28... f5 29. Rf1 (29. Bxa6 Kh8 $16) 29... Qg5 30. Bxe4 (30. Bxa6 Qxg2 31. Qd5+ Kh8 $18) 30... Nxe4 31. Qd5+ Kh8 32. Qxf5 Qxf5 33. Rxf5 Kg8) 29. Rf1 $2 (29. Qe5 {[%cal Re5b8]} Rf8 30. Bxe4) 29... Nxd3 30. Qxd3 $40 {[%mdl 128] White attacks.} (30. Nxd3 $16 {aiming for Qe5.} Nf6 31. Qf4 Qxf4 32. Rxf4) 30... Qxg2 $11 31. Re1 Nf6 32. Qd6 Rf8 33. c3 h5 34. Qe7 $2 {[%mdl 8192]} (34. Ka2 $11) 34... Qxh2 {[#] And now ...Re8 would win.} 35. Qc5 Qg3 36. Rg1 Qf4 ({Better is} 36... Qf3 $19 37. Nb3 Rb8) 37. Qd4 $2 (37. Ne2 $17 {was called for.} Qd2 38. Qe5) 37... Qxd4 {Accuracy: White = 55%, Black = 22%.} 0-1

[Event "Stay Safe Play From Home 144"]
[Site "T#645981Emanuel Laske"]
[Date "2020.05.12"]
[Round "6"]
[White "Tumnik_ad"]
[Black "Tobo Rubirosa"]
[Result "1-0"]
[WhiteElo "1871"]
[BlackElo "1628"]
[Annotator "NA RC"]
[PlyCount "115"]
[EventDate "2020.05.12"]
[EventType "swiss (blitz)"]

1. e4 {[%emt 0:00:01]} c5 {[%emt 0:00:03]} 2. a3 {[%emt 0:00:01]} d6 {[%emt 0:00:03]} 3. b4 {[%emt 0:00:01]} cxb4 {[%emt 0:00:02]} 4. axb4 {[%emt 0:00:00]} Nf6 {[%emt 0:00:02]} 5. Nc3 {[%emt 0:00:02]} g6 {[%emt 0:00:01]} 6. Bb2 {[%emt 0:00:01]} Bg7 {[%emt 0:00:01]} 7. Nd5 {[%emt 0:00:01]} O-O {[%emt 0:00:07]} 8. Nxf6+ {[%emt 0:00:02]} Bxf6 {[%emt 0:00:03]} 9. Bxf6 {[%emt 0:00:02]} exf6 {[%emt 0:00:01]} 10. Nf3 {[%emt 0:00:01]} f5 {[%emt 0:00:01]} 11. exf5 {[%emt 0:00:12]} Bxf5 {[%emt 0:00:03]} 12. Be2 {[%emt 0:00:03]} Nc6 {[%emt 0:00:02]} 13. b5 {[%emt 0:00:02]} Ne5 {[%emt 0:00:01]} 14. O-O {[%emt 0:00:02]} Be4 {[%emt 0:00:04]} 15. Nxe5 {[%emt 0:00:10]} dxe5 {[%emt 0:00:01]} 16. Bf3 {[%emt 0:00:02]} Bxf3 {[%emt 0:00:05]} 17. Qxf3 {[%emt 0:00:01]} Qc7 {[%emt 0:00:02]} 18. c3 {[%emt 0:00:05]} Rfd8 {[%emt 0:00:08]} 19. Qe3 {[%emt 0:00:10]} Qd6 {[%emt 0:00:12]} 20. Rfe1 {[%emt 0:00:06]} Qxd2 {[%emt 0:00:08]} 21. Qxd2 {[%emt 0:00:03]} Rxd2 {[%emt 0:00:02]} 22. Rxe5 {[%emt 0:00:00]} Rc2 {[%emt 0:00:03]} 23. Rc5 {[%emt 0:00:02]} Rd8 {[%emt 0:00:08]} 24. h3 {[%emt 0:00:01]} Rdd2 {[%emt 0:00:02]} 25. Rxa7 {[%emt 0:00:02]} Rxf2 {[%emt 0:00:03]} 26. Rg5 {[%emt 0:00:01]} Rfd2 {[%emt 0:00:15]} 27. Rg3 {[%emt 0:00:04]} Rd7 {[%emt 0:00:04]} 28. b6 {[%emt 0:00:04]} Rb2 {[%emt 0:00:03]} 29. Ra8+ {[%emt 0:00:04]} Kg7 {[%emt 0:00:03]} 30. h4 {[%emt 0:00:02]} h5 {[%emt 0:00:04]} 31. Ra5 {[%emt 0:00:02]} Kh7 {[%emt 0:00:08]} 32. c4 {[%emt 0:00:04]} Rxb6 {[%emt 0:00:01]} 33. c5 {[%emt 0:00:03]} Rc6 {[%emt 0:00:01]} 34. Rc3 {[%emt 0:00:01]} b6 {[%emt 0:00:06]} 35. Rb5 {[%emt 0:00:03]} Rxc5 {[%emt 0:00:02]} 36. Rcxc5 {[%emt 0:00:03]} bxc5 {[%emt 0:00:01]} 37. Rxc5 {[%emt 0:00:00]} Rd4 {[%emt 0:00:03]} 38. g3 {[%emt 0:00:01]} Rd2 {[%emt 0:00:02]} 39. Rc7 {[%emt 0:00:02]} Kg7 {[%emt 0:00:01]} 40. Rc3 {[%emt 0:00:00]} f6 {[%emt 0:00:04]} 41. Rc7+ {[%emt 0:00:01]} Kh6 {[%emt 0:00:01]} 42. Rc8 {[%emt 0:00:00]} g5 {[%emt 0:00:03]} 43. Rc6 {[%emt 0:00:07]} Kg6 {[%emt 0:00:02]} 44. hxg5 {[%emt 0:00:10]} Kxg5 {[%emt 0:00:02]} 45. Rc3 {[%emt 0:00:00]} f5 {[%emt 0:00:01]} 46. Rc4 {[%emt 0:00:01]} Re2 {[%emt 0:00:02]} 47. Kf1 {[%emt 0:00:02]} Re4 {[%emt 0:00:01]} 48. Rc8 {[%emt 0:00:03]} Kg4 {[%emt 0:00:02]} 49. Kf2 {[%emt 0:00:04]} Rb4 {[%emt 0:00:08]} 50. Rg8+ {[%emt 0:00:03]} Kh3 {[%emt 0:00:01]} 51. Rg5 {[%emt 0:00:01]} Rb2+ {[%emt 0:00:01]} 52. Kf3 {[%emt 0:00:03]} Rb3+ {[%emt 0:00:01]} 53. Kf4 {[%emt 0:00:01]} Rb4+ {[%emt 0:00:02]} 54. Ke3 {[%emt 0:00:07]} Rb3+ {[%emt 0:00:01]} 55. Kf2 {[%emt 0:00:01]} Rb2+ {[%emt 0:00:01]} 56. Ke1 {[%emt 0:00:01]} Rg2 {[%emt 0:00:01]} 57. Rxh5+ {[%emt 0:00:05]} Kg4 {[%emt 0:00:02]} 58. Rh4+ {[%emt 0:00:03] Tiempo (Lag: Av=0.95s, max=1.6s)} 1-0